[Event "4NCL 2019-20"]
[Site "Daventry"]
[Date "2020.01.12"]
[Round "4"]
[White "Erdos, Viktor"]
[Black "Navarro Cia, Miguel"]
[Result "1-0"]
[WhiteElo "2621"]
[BlackElo "2256"]
[Annotator "TA"]
[PlyCount "141"]
[EventDate "2020.01.11"]
[EventCountry "ENG"]
[SourceTitle "playchess.com"]
[Source "ChessBase"]
[SourceQuality "1"]

{[%evp 17,141,25,47,21,26,21,32,27,36,29,28,27,41,39,41,22,50,52,52,48,50,28,36,35,35,35,27,29,35,18,39,39,42,35,44,45,49,50,57,47,96,104,219,219,219,219,219,219,261,261,228,219,219,219,219,219,219,219,219,219,219,219,219,219,219,219,233,197,219,210,219,219,219,204,210,204,204,204,204,204,597,582,264,264,29963,29964,29965,29965,29965,29966,29966,29967,29967,29968,29968,29969,29969,29970,29970,29972,29971,29972,29972,29973,29974,29974,29974,29973,29973,29973,29973,29974,29974,29975,29975,29976,29976,29976,29977,29977,29976,29976,29979,29980,29980,29981]} 1. d4 Nf6 2. c4 g6 3. g3 Bg7 4. Bg2 d5 5. Nf3 dxc4 6. Na3 O-O 7. O-O Nc6 8. Nxc4 Be6 9. b3 a5 10. a4 {D77: Fianchetto Grünfeld: 6 0-0: Replies other than 6...c6} Qc8 (10... Bd5 11. e3 Qc8 12. Bb2 Rd8 13. Qe2 b6 14. Rfd1 Qb7 15. Ne1 Bxg2 16. Nxg2 Nb4 17. Nf4 e6 {½-½ (47) Georgiev,K (2623)-Nepomniachtchi,I (2729) Riadh 2017}) 11. Ba3 Rd8 12. Rc1 {White is slightly better.} Bh3 13. e3 Bxg2 14. Kxg2 Qe6 15. Qc2 h6 16. Rfd1 Rac8 $146 ({Predecessor:} 16... Rd5 17. Nce5 Nxe5 18. dxe5 Rxd1 19. Qxd1 {1-0 (56) Burmakin,V (2611)-Karpatchev,A (2484) Bad Woerishofen 2008}) 17. h3 Nd5 18. e4 Ndb4 19. Qe2 {Qe3 is the strong threat.} Nxd4 20. Nxd4 Rxd4 21. Rxd4 Bxd4 22. Nxa5 b6 23. Nc4 Nc6 24. Qg4 Qxg4 25. hxg4 e6 26. f4 b5 27. axb5 Na7 28. e5 Nxb5 29. Nd6 $1 {[%cal Rd6c8]} Nxd6 (29... Rb8 $16) 30. exd6 $16 {[%mdl 4096] Endgame Hoping for d7. KRB-KRB} c6 31. Bb4 $1 Bf6 32. Ba5 Kf8 33. d7 Ra8 34. b4 Bd8 35. Rxc6 Ke7 36. Rc8 Rxa5 37. bxa5 Bxa5 $18 {KR-KB} 38. Rh8 Kxd7 39. Rxh6 Ke7 40. Kf3 Bc3 41. Rh1 Kf8 42. Rb1 g5 43. Rb3 Ba1 44. Rb5 Bf6 45. Ke4 Kg7 46. Rb7 Bc3 47. Rb3 Bf6 48. Rf3 Bb2 $2 (48... gxf4 {is more resistant.} 49. gxf4 Kg6) 49. f5 Ba1 50. Kd3 Be5 $2 {[#]} (50... e5 $18 51. Ke4 Bd4) 51. fxe6 $1 {White mates.} fxe6 {[#]} 52. Kc4 $1 {[%cal Rc4b5]} Bd6 53. Kb5 Kg6 54. Kc6 Bb4 55. Kd7 e5 56. Kc6 e4 57. Re3 Kf6 58. Kd5 Bd2 59. Rxe4 Bc3 60. Re3 Bd2 61. Rf3+ Kg6 62. Rf1 Bc3 63. Ke4 Bd2 64. Rb1 Bc3 65. Rb6+ Kf7 66. Kf5 Bd2 67. Rb7+ Kf8 68. Kf6 {[%cal Rb7b8]} Ke8 69. Re7+ Kd8 70. Re2 Bc1 71. Re1 {Accuracy: White = 83%, Black = 53%.} 1-0

[Event "4NCL 2019-20"]
[Site "Daventry"]
[Date "2020.01.12"]
[Round "4"]
[White "Pert, Nicholas"]
[Black "Sowray, Peter J"]
[Result "1/2-1/2"]
[WhiteElo "2558"]
[BlackElo "2272"]
[Annotator "TA"]
[PlyCount "55"]
[EventDate "2020.01.11"]
[EventCountry "ENG"]
[SourceTitle "playchess.com"]
[Source "ChessBase"]
[SourceQuality "1"]

{[%evp 11,55,38,37,0,2,-9,-15,-15,0,-15,-16,-15,-9,-17,-17,-17,-14,-5,-4,0,-9,-14,-12,-52,-16,-27,-26,-28,-19,-14,-12,-46,-10,-18,-16,-19,0,-24,-22,-22,-22,-22,-27,-27,-26,-45]} 1. d4 d5 2. c4 dxc4 3. e4 Nc6 4. Nf3 Nf6 5. Nc3 Bg4 6. d5 Ne5 $1 7. Bf4 {D07: Queen's Gambit: Chigorin Defence} Nfd7 8. Be2 (8. Qa4 Nxf3+ 9. gxf3 Bxf3 10. Rg1 a6 11. Qxc4 g6 12. Rg3 Bh5 13. Bxc7 Qc8 14. d6 e6 {1-0 (35) Korobov,A (2698)-Ponomariov,R (2663) Kiev 2018}) 8... Bxf3 9. gxf3 {The position is equal.} e6 10. Bxe5 $146 ({Predecessor:} 10. Be3 Nc5 11. O-O Qh4 12. f4 Ng6 13. Bxc4 exd5 14. Nxd5 O-O-O {1-0 (42) Mirzoeva,E (2278)-Wiley,T (2239) Olomouc 2016}) 10... Nxe5 11. f4 Ng6 12. Qa4+ Qd7 13. Qxd7+ Kxd7 14. dxe6+ fxe6 15. O-O-O+ Kc6 16. f5 exf5 17. Bxc4 Bd6 18. Bd5+ Kb6 19. exf5 Ne7 20. Be4 Raf8 21. h4 g6 ({Reject} 21... Nxf5 22. Rd5 $14) 22. Na4+ Ka5 23. Nc3 Kb6 (23... b5 {feels hotter.} 24. fxg6 hxg6 25. f3 Rf4 26. Rhe1 Rhxh4 27. a3 Rh5) 24. Nd5+ Nxd5 25. Rxd5 gxf5 26. Rxf5 Rxf5 27. Bxf5 h6 28. f3 {Accuracy: White = 55%, Black = 72%.} 1/2-1/2

[Event "4NCL 2019-20"]
[Site "Daventry"]
[Date "2020.01.12"]
[Round "4"]
[White "Turner, Matthew J"]
[Black "Adams, Michael"]
[Result "0-1"]
[WhiteElo "2521"]
[BlackElo "2694"]
[Annotator "TA"]
[PlyCount "66"]
[EventDate "2020.01.11"]
[EventCountry "ENG"]
[SourceTitle "playchess.com"]
[Source "ChessBase"]
[SourceQuality "1"]

{[%evp 9,66,3,10,21,14,12,9,8,12,2,12,10,4,0,3,0,0,0,0,0,0,-20,0,-35,-22,-26,-13,0,0,-27,-27,-67,-59,-142,-137,-146,-156,-161,-68,-67,-63,-91,-86,-147,-135,-181,-177,-213,-205,-239,-224,-319,-318,-512,-307,-536,-524,-533,-534]} 1. e4 e5 2. Nf3 Nc6 3. Bb5 a6 4. Bxc6 dxc6 5. O-O Qf6 6. d4 {C68: Ruy Lopez: Exchange Variation, sidelines} exd4 7. Bg5 Qd6 8. Nxd4 {The position is equal.} Be7 9. Bxe7 Nxe7 10. Nc3 Bd7 11. Nde2 O-O-O 12. Qc1 Ng6 13. Qe3 Kb8 {[#]} 14. Rad1 $146 Qe7 15. Rd4 Bc8 16. Rfd1 Rxd4 17. Qxd4 f6 18. f3 h5 19. Qe3 Ne5 20. Qd4 g5 21. Nc1 ({White should play} 21. f4 $15 gxf4 22. Nxf4) 21... h4 $1 $17 22. Qf2 {[#]} g4 $1 23. Nd3 h3 (23... gxf3 $19 {Hoping for ...Rg8.} 24. gxf3 Rg8+ 25. Kh1 h3) 24. f4 $15 Nxd3 25. Rxd3 f5 26. Qd4 (26. e5 $142) 26... fxe4 $17 27. Qxe4 {[#]} Qf8 $1 {White must now prevent ...Bf5.} 28. Qe5 hxg2 $40 {[%mdl 128] Black is out for blood.} 29. Rd2 Rh7 30. Rxg2 (30. Qe3 $142) 30... Re7 $19 31. Qd4 $2 (31. Qg5) 31... Re1+ 32. Kf2 Qe7 33. Rg3 Rh1 {Accuracy: White = 39%, Black = 86%.} 0-1

[Event "4NCL 2019-20"]
[Site "Daventry"]
[Date "2020.01.12"]
[Round "4"]
[White "Gormally, Daniel W"]
[Black "Rendle, Thomas E"]
[Result "1/2-1/2"]
[WhiteElo "2508"]
[BlackElo "2361"]
[Annotator "ChessBase"]
[PlyCount "33"]
[EventDate "2020.01.11"]
[EventCountry "ENG"]
[SourceTitle "playchess.com"]
[Source "ChessBase"]
[SourceQuality "1"]
[TimeControl "40/6000:3000+30"]

1. e4 {[%emt 0:00:00]} e6 {[%emt 0:00:00]} 2. d4 {[%emt 0:00:00]} d5 {[%emt 0:00:00]} 3. Nd2 {[%emt 0:00:00]} a6 {[%emt 0:00:00]} 4. Ngf3 {[%emt 0:00:00]} c5 {[%emt 0:00:00]} 5. exd5 {[%emt 0:00:00]} exd5 {[%emt 0:00:00]} 6. Be2 {[%emt 0:00:00]} Nf6 {[%emt 0:00:00]} 7. O-O {[%emt 0:00:00]} Be7 {[%emt 0:00:00]} 8. dxc5 {[%emt 0:05:34]} Bxc5 {[%emt 0:00:00]} 9. a3 {[%emt 0:02:37]} O-O {[%emt 0:01:44]} 10. b4 {[%emt 0:00:00]} Ba7 {[%emt 0:01:45]} 11. Bb2 {[%emt 0:02:43]} Nc6 {[%emt 0:01:32]} 12. Nb3 {[%emt 0:02:57]} Re8 {[%emt 0:03:43]} 13. Nfd4 {[%emt 0:04:03]} Ne5 {[%emt 0:05:17]} 14. Na5 {[%emt 0:04:10]} Qd6 {[%emt 0:08:29]} 15. Nf3 {[%emt 0:01:45]} Ng6 {[%emt 0:04:09]} 16. Nd4 {[%emt 0:00:00]} Ne5 17. Nf3 {[%emt 0:00:00]} 1/2-1/2

[Event "4NCL 2019-20"]
[Site "Daventry"]
[Date "2020.01.12"]
[Round "4"]
[White "Cyborowski, Lukasz"]
[Black "Hodgson, John H"]
[Result "1-0"]
[WhiteElo "2505"]
[BlackElo "2082"]
[Annotator "ChessBase"]
[PlyCount "76"]
[EventDate "2020.01.11"]
[EventCountry "ENG"]
[SourceTitle "playchess.com"]
[Source "ChessBase"]
[SourceQuality "1"]
[TimeControl "40/6000:3000+30"]

1. e4 {[%emt 0:00:00]} c5 {[%emt 0:00:00]} 2. Nf3 {[%emt 0:00:00]} d6 {[%emt 0:00:00]} 3. d4 {[%emt 0:00:00]} cxd4 {[%emt 0:00:00]} 4. Qxd4 {[%emt 0:00:00]} Nc6 {[%emt 0:00:00]} 5. Bb5 {[%emt 0:00:00]} Bd7 {[%emt 0:00:00]} 6. Qd3 {[%emt 0:00:00]} g6 {[%emt 0:00:00]} 7. c4 {[%emt 0:00:00]} Bg7 {[%emt 0:00:00]} 8. O-O {[%emt 0:00:00]} Nf6 {[%emt 0:00:00]} 9. h3 {[%emt 0:00:00]} O-O {[%emt 0:00:00]} 10. Nc3 {[%emt 0:00:00]} a6 {[%emt 0:00:00]} 11. Bxc6 {[%emt 0:00:00]} Bxc6 {[%emt 0:00:00]} 12. Nd4 {[%emt 0:00:00]} Rc8 {[%emt 0:00:00]} 13. Be3 {[%emt 0:00:00]} Nd7 {[%emt 0:00:00]} 14. Rac1 {[%emt 0:01:29]} Nc5 {[%emt 0:00:00]} 15. Qc2 {[%emt 0:00:00]} Bd7 {[%emt 0:00:00]} 16. Qe2 {[%emt 0:06:58]} f5 {[%emt 0:03:13]} 17. exf5 {[%emt 0:04:34]} gxf5 {[%emt 0:00:00]} 18. f4 {[%emt 0:00:01]} Rf6 {[%emt 0:12:03]} 19. b4 {[%emt 0:08:39]} Ne6 {[%emt 0:13:42]} 20. Nf3 {[%emt 0:02:41]} Rh6 {[%emt 0:17:25]} 21. Nd5 {[%emt 0:04:56]} Kh8 {[%emt 0:08:24]} 22. Rfd1 {[%emt 0:12:20]} Qf8 {[%emt 0:07:20]} 23. Nb6 {[%emt 0:11:30]} Rd8 {[%emt 0:00:00]} 24. Nxd7 {[%emt 0:01:31]} Rxd7 {[%emt 0:00:00]} 25. c5 {[%emt 0:00:00]} Nd8 {[%emt 0:02:37]} 26. a4 {[%emt 0:00:19]} Qe8 {[%emt 0:07:44]} 27. Qd3 {[%emt 0:02:03]} Rf6 {[%emt 0:00:48]} 28. Ne5 {[%emt 0:08:23]} Rc7 {[%emt 0:00:18]} 29. cxd6 {[%emt 0:01:10]} Rxc1 {[%emt 0:02:05]} 30. Rxc1 {[%emt 0:00:00]} Rxd6 {[%emt 0:01:01]} 31. Qxf5 {[%emt 0:00:00]} e6 {[%emt 0:02:15]} 32. Qe4 {[%emt 0:04:38]} Nc6 {[%emt 0:03:26]} 33. Nf3 {[%emt 0:03:19]} Qg6 {[%emt 0:04:40]} 34. Qxg6 {[%emt 0:02:01]} hxg6 {[%emt 0:00:00]} 35. b5 {[%emt 0:00:00]} axb5 {[%emt 0:00:00]} 36. axb5 {[%emt 0:00:00]} Ne7 {[%emt 0:00:40]} 37. Rc7 {[%emt 0:02:31]} Rd1+ {[%emt 0:00:00]} 38. Kf2 {[%emt 0:00:19]} Nd5 {[%emt 0:00:00]} 1-0

[Event "4NCL 2019-20"]
[Site "Daventry"]
[Date "2020.01.12"]
[Round "4"]
[White "Gordon, Stephen J"]
[Black "Macklin, Paul"]
[Result "1-0"]
[WhiteElo "2504"]
[BlackElo "2341"]
[Annotator "ChessBase"]
[PlyCount "81"]
[EventDate "2020.01.11"]
[EventCountry "ENG"]
[SourceTitle "playchess.com"]
[Source "ChessBase"]
[SourceQuality "1"]
[TimeControl "40/6000:3000+30"]

1. d4 {[%emt 0:00:32]} Nf6 {[%emt 0:00:00]} 2. c4 {[%emt 0:00:01]} g6 {[%emt 0:00:00]} 3. Nc3 {[%emt 0:00:00]} Bg7 {[%emt 0:00:00]} 4. e4 {[%emt 0:00:00]} d6 {[%emt 0:00:00]} 5. Nf3 {[%emt 0:00:00]} O-O {[%emt 0:00:00]} 6. Be2 {[%emt 0:00:00]} Na6 {[%emt 0:00:00]} 7. O-O {[%emt 0:00:00]} e5 {[%emt 0:00:00]} 8. Be3 {[%emt 0:00:00]} c6 {[%emt 0:00:00]} 9. d5 {[%emt 0:00:00]} Ng4 {[%emt 0:00:00]} 10. Bg5 {[%emt 0:00:00]} f6 {[%emt 0:00:00]} 11. Bh4 {[%emt 0:00:00]} c5 {[%emt 0:01:33]} 12. Ne1 {[%emt 0:02:48]} Nh6 {[%emt 0:03:40]} 13. Nc2 {[%emt 0:01:05]} Qe8 {[%emt 0:17:17]} 14. Nb5 {[%emt 0:09:38]} Qd7 {[%emt 0:04:03]} 15. a3 {[%emt 0:06:18]} f5 {[%emt 0:07:31]} 16. exf5 {[%emt 0:00:35]} gxf5 {[%emt 0:01:15]} 17. f4 {[%emt 0:01:19]} e4 {[%emt 0:00:00]} 18. Rb1 {[%emt 0:06:45]} Nc7 {[%emt 0:00:00]} 19. Be1 {[%emt 0:04:29]} Ne8 {[%emt 0:07:56]} 20. b4 {[%emt 0:01:12]} b6 {[%emt 0:00:00]} 21. a4 {[%emt 0:07:11]} Nf6 {[%emt 0:03:12]} 22. h3 {[%emt 0:03:01]} Qe7 {[%emt 0:16:27]} 23. a5 {[%emt 0:10:16]} Bd7 {[%emt 0:01:28]} 24. bxc5 {[%emt 0:04:33]} bxc5 {[%emt 0:01:20]} 25. Bc3 {[%emt 0:04:18]} Kh8 {[%emt 0:13:32]} 26. Ne3 {[%emt 0:02:11]} Bc8 {[%emt 0:05:13]} 27. Qe1 {[%emt 0:02:48]} Rg8 {[%emt 0:04:21]} 28. Kh1 {[%emt 0:01:58]} a6 {[%emt 0:00:55]} 29. Na3 {[%emt 0:00:00]} Ra7 {[%emt 0:02:34]} 30. Rb6 {[%emt 0:00:15]} Nd7 {[%emt 0:01:58]} 31. Bxg7+ {[%emt 0:01:28]} Rxg7 {[%emt 0:00:00]} 32. Rb3 {[%emt 0:00:16]} Rb7 {[%emt 0:02:57]} 33. Rxb7 {[%emt 0:00:15]} Bxb7 {[%emt 0:00:00]} 34. g4 {[%emt 0:06:01]} fxg4 {[%emt 0:00:43]} 35. hxg4 {[%emt 0:00:00]} Bc8 {[%emt 0:00:35]} 36. g5 {[%emt 0:00:56]} Nf8 {[%emt 0:00:11]} 37. gxh6 {[%emt 0:10:27]} Rg6 {[%emt 0:00:00]} 38. f5 {[%emt 0:00:14]} Rxh6+ {[%emt 0:00:00]} 39. Kg2 {[%emt 0:01:00]} Ng6 {[%emt 0:00:00]} 40. Qg3 {[%emt 0:00:38]} Ne5 {[%emt 0:00:41]} 41. Nac2 {[%emt 0:15:50]} 1-0

[Event "4NCL 2019-20"]
[Site "Daventry"]
[Date "2020.01.12"]
[Round "4"]
[White "Atalik, Ekaterina"]
[Black "Lucchi, Lorenzo"]
[Result "1/2-1/2"]
[WhiteElo "2450"]
[BlackElo "2096"]
[Annotator "ChessBase"]
[PlyCount "83"]
[EventDate "2020.01.11"]
[EventCountry "ENG"]
[SourceTitle "playchess.com"]
[Source "ChessBase"]
[SourceQuality "1"]
[TimeControl "40/6000:3000+30"]

1. Nf3 {[%emt 0:00:00]} Nf6 {[%emt 0:00:00]} 2. e3 {[%emt 0:00:00]} g6 {[%emt 0:00:00]} 3. b3 {[%emt 0:00:00]} Bg7 {[%emt 0:00:00]} 4. Bb2 {[%emt 0:00:00]} c5 {[%emt 0:00:22]} 5. c4 {[%emt 0:00:00]} O-O {[%emt 0:00:11]} 6. Nc3 {[%emt 0:00:00]} Nc6 {[%emt 0:00:13]} 7. d4 {[%emt 0:00:00]} cxd4 {[%emt 0:00:56]} 8. Nxd4 {[%emt 0:00:28]} d5 {[%emt 0:02:51]} 9. Nxd5 {[%emt 0:05:56]} Nxd5 {[%emt 0:02:43]} 10. Nxc6 {[%emt 0:01:02]} bxc6 {[%emt 0:07:20]} 11. Bxg7 {[%emt 0:00:34]} Nxe3 {[%emt 0:13:14]} 12. fxe3 {[%emt 0:01:05]} Kxg7 {[%emt 0:02:58]} 13. Qd2 {[%emt 0:02:40]} Qxd2+ {[%emt 0:04:42]} 14. Kxd2 {[%emt 0:00:00]} Rd8+ {[%emt 0:08:06]} 15. Kc3 {[%emt 0:00:00]} Bf5 {[%emt 0:00:35]} 16. Be2 {[%emt 0:00:28]} Be4 {[%emt 0:06:06]} 17. Rhg1 {[%emt 0:00:35]} c5 {[%emt 0:07:19]} 18. g3 {[%emt 0:01:21]} Kf6 {[%emt 0:01:12]} 19. Rgd1 {[%emt 0:03:58]} Ke5 {[%emt 0:01:19]} 20. b4 {[%emt 0:02:04]} cxb4+ {[%emt 0:01:21]} 21. Kxb4 {[%emt 0:00:00]} Rdb8+ {[%emt 0:01:42]} 22. Kc3 {[%emt 0:00:09]} Rb7 {[%emt 0:00:00]} 23. Rd2 {[%emt 0:01:15]} Rab8 {[%emt 0:00:38]} 24. Rad1 {[%emt 0:03:44]} e6 {[%emt 0:00:41]} 25. Rd8 {[%emt 0:05:01]} Rxd8 {[%emt 0:02:48]} 26. Rxd8 {[%emt 0:00:25]} f5 {[%emt 0:02:26]} 27. a4 {[%emt 0:07:33]} Rb1 {[%emt 0:01:59]} 28. Rd7 {[%emt 0:01:59]} Rc1+ {[%emt 0:00:16]} 29. Kd2 {[%emt 0:01:01]} Rc2+ {[%emt 0:00:32]} 30. Ke1 {[%emt 0:00:37]} Rc1+ {[%emt 0:00:20]} 31. Kd2 {[%emt 0:02:48]} Rc2+ {[%emt 0:00:00]} 32. Kd1 {[%emt 0:00:00]} a6 {[%emt 0:01:21]} 33. Ra7 {[%emt 0:18:13]} Ra2 {[%emt 0:00:25]} 34. Rxa6 {[%emt 0:00:00]} Bc2+ {[%emt 0:01:06]} 35. Kd2 {[%emt 0:02:27]} Rxa4 {[%emt 0:00:00]} 36. Rxa4 {[%emt 0:00:22]} Bxa4 {[%emt 0:00:00]} 37. Bf3 {[%emt 0:01:18]} Kd6 {[%emt 0:01:24]} 38. Bb7 {[%emt 0:01:11]} Bd7 {[%emt 0:02:35]} 39. Kd3 {[%emt 0:02:33]} e5 {[%emt 0:02:37]} 40. Kc3 {[%emt 0:01:06]} Kc5 {[%emt 0:01:23]} 41. Bd5 {[%emt 0:50:14]} g5 {[%emt 0:50:59]} 42. Bg8 {[%emt 0:03:35]} 1/2-1/2

[Event "4NCL 2019-20"]
[Site "Daventry"]
[Date "2020.01.12"]
[Round "4"]
[White "Suarez Real, Alberto"]
[Black "Toma, Katarzyna"]
[Result "1/2-1/2"]
[WhiteElo "2449"]
[BlackElo "2281"]
[Annotator "ChessBase"]
[PlyCount "90"]
[EventDate "2020.01.11"]
[EventCountry "ENG"]
[SourceTitle "playchess.com"]
[Source "ChessBase"]
[SourceQuality "1"]
[TimeControl "40/6000:3000+30"]

1. e4 {[%emt 0:00:00]} c5 {[%emt 0:00:00]} 2. Nf3 {[%emt 0:00:00]} d6 {[%emt 0:00:00]} 3. d4 {[%emt 0:00:00]} cxd4 {[%emt 0:00:00]} 4. Nxd4 {[%emt 0:00:00]} Nf6 {[%emt 0:00:00]} 5. Nc3 {[%emt 0:00:00]} a6 {[%emt 0:00:00]} 6. Be3 {[%emt 0:00:30]} e6 {[%emt 0:00:00]} 7. Be2 {[%emt 0:00:33]} Be7 {[%emt 0:00:00]} 8. O-O {[%emt 0:00:05]} O-O {[%emt 0:00:00]} 9. f4 {[%emt 0:00:18]} Nc6 {[%emt 0:00:00]} 10. Qe1 {[%emt 0:01:12]} Nxd4 {[%emt 0:00:00]} 11. Bxd4 {[%emt 0:00:00]} b5 {[%emt 0:00:00]} 12. a3 {[%emt 0:05:04]} Bb7 {[%emt 0:01:13]} 13. Qg3 {[%emt 0:24:39]} g6 {[%emt 0:03:56]} 14. Bd3 {[%emt 0:01:48]} Nh5 {[%emt 0:03:47]} 15. Qe3 {[%emt 0:04:13]} Qd7 {[%emt 0:05:14]} 16. Ne2 {[%emt 0:19:21]} Rac8 {[%emt 0:04:40]} 17. Rae1 {[%emt 0:09:42]} Rfe8 {[%emt 0:06:51]} 18. Qh3 {[%emt 0:08:35]} Bf8 {[%emt 0:07:26]} 19. f5 {[%emt 0:01:19]} exf5 {[%emt 0:21:12]} 20. exf5 {[%emt 0:00:12]} Qc6 {[%emt 0:00:00]} 21. fxg6 {[%emt 0:02:50]} fxg6 {[%emt 0:00:27]} 22. Rf2 {[%emt 0:03:06]} Bg7 {[%emt 0:01:38]} 23. Bxg7 {[%emt 0:02:14]} Nxg7 {[%emt 0:00:00]} 24. Ref1 {[%emt 0:01:20]} Rf8 {[%emt 0:04:05]} 25. Nd4 {[%emt 0:04:42]} Qd5 {[%emt 0:01:42]} 26. c3 {[%emt 0:01:31]} Rxf2 {[%emt 0:03:48]} 27. Rxf2 {[%emt 0:00:00]} Re8 {[%emt 0:00:00]} 28. Bc2 {[%emt 0:13:48]} Qg5 {[%emt 0:08:49]} 29. Bb3+ {[%emt 0:00:00]} Kh8 {[%emt 0:00:00]} 30. Ne2 {[%emt 0:00:00]} Nf5 {[%emt 0:07:58]} 31. Qd3 {[%emt 0:00:00]} Be4 {[%emt 0:02:04]} 32. Qd1 {[%emt 0:00:00]} Qe3 {[%emt 0:11:34]} 33. Qc1 {[%emt 0:00:00]} Bd3 {[%emt 0:02:04]} 34. Qxe3 {[%emt 0:00:00]} Rxe3 {[%emt 0:00:00]} 35. Bd1 {[%emt 0:00:00]} Re7 {[%emt 0:00:20]} 36. h3 {[%emt 0:00:00]} Ne3 {[%emt 0:00:14]} 37. Bb3 {[%emt 0:00:00]} Nxg2 {[%emt 0:00:02]} 38. Kxg2 {[%emt 0:00:00]} Rxe2 {[%emt 0:00:00]} 39. Rxe2 {[%emt 0:00:00]} Bxe2 {[%emt 0:00:00]} 40. Bd5 {[%emt 0:00:00]} Kg7 {[%emt 0:00:00]} 41. b4 {[%emt 0:42:23]} Kf6 {[%emt 0:01:25]} 42. Bb7 {[%emt 0:00:00]} Ke5 {[%emt 0:07:00]} 43. Bxa6 {[%emt 0:00:00]} Bc4 {[%emt 0:03:07]} 44. Kf2 {[%emt 0:00:00]} d5 {[%emt 0:00:11]} 45. Ke3 {[%emt 0:00:00]} g5 {[%emt 0:00:25] Ke4+} 1/2-1/2

[Event "4NCL 2019-20"]
[Site "Daventry"]
[Date "2020.01.12"]
[Round "4"]
[White "Roberson, Peter T"]
[Black "Bates, Richard A"]
[Result "1-0"]
[WhiteElo "2435"]
[BlackElo "2351"]
[Annotator "ChessBase"]
[PlyCount "49"]
[EventDate "2020.01.11"]
[EventCountry "ENG"]
[SourceTitle "playchess.com"]
[Source "ChessBase"]
[SourceQuality "1"]
[TimeControl "40/6000:3000+30"]

1. e4 {[%emt 0:00:00]} c5 {[%emt 0:00:00]} 2. c3 {[%emt 0:00:00]} e6 {[%emt 0:00:00]} 3. d4 {[%emt 0:00:00]} d5 {[%emt 0:00:00]} 4. e5 {[%emt 0:00:00]} Nc6 {[%emt 0:00:00]} 5. Nf3 {[%emt 0:00:00]} Bd7 {[%emt 0:00:00]} 6. Be2 {[%emt 0:00:00]} Nge7 {[%emt 0:00:00]} 7. O-O {[%emt 0:00:00]} Nc8 {[%emt 0:05:14]} 8. Re1 {[%emt 0:04:35]} Be7 {[%emt 0:00:16]} 9. dxc5 {[%emt 0:09:49]} Bxc5 {[%emt 0:03:12]} 10. Bd3 {[%emt 0:01:00]} h6 {[%emt 0:06:30]} 11. b4 {[%emt 0:05:34]} Bf8 {[%emt 0:06:00]} 12. Nbd2 {[%emt 0:07:05]} Qc7 {[%emt 0:27:04]} 13. a4 {[%emt 0:14:43]} N8e7 {[%emt 0:03:15]} 14. Nb3 {[%emt 0:09:13]} g6 {[%emt 0:15:27]} 15. Qe2 {[%emt 0:05:33]} Bg7 {[%emt 0:03:19]} 16. Ba3 {[%emt 0:02:48]} Nd8 {[%emt 0:07:45]} 17. b5 {[%emt 0:04:06]} b6 {[%emt 0:03:26]} 18. Rac1 {[%emt 0:08:38]} Nb7 {[%emt 0:02:45]} 19. c4 {[%emt 0:00:46]} Qd8 {[%emt 0:00:19]} 20. cxd5 {[%emt 0:04:20]} exd5 {[%emt 0:01:23]} 21. Nfd4 {[%emt 0:09:59]} Bc8 {[%emt 0:02:51]} 22. Nc6 {[%emt 0:06:01]} Nxc6 {[%emt 0:00:00]} 23. bxc6 {[%emt 0:00:00]} Na5 {[%emt 0:00:00]} 24. Nxa5 {[%emt 0:00:00]} bxa5 {[%emt 0:00:00]} 25. c7 {[%emt 0:00:00]} 1-0

[Event "4NCL 2019-20"]
[Site "Daventry"]
[Date "2020.01.12"]
[Round "4"]
[White "Hebden, Mark L"]
[Black "Lauterbach, Ingrid"]
[Result "1-0"]
[WhiteElo "2434"]
[BlackElo "2051"]
[Annotator "ChessBase"]
[PlyCount "71"]
[EventDate "2020.01.11"]
[EventCountry "ENG"]
[SourceTitle "playchess.com"]
[Source "ChessBase"]
[SourceQuality "1"]
[TimeControl "40/6000:3000+30"]

1. d4 {[%emt 0:00:00]} Nf6 {[%emt 0:00:00]} 2. Bf4 {[%emt 0:00:30]} d5 {[%emt 0:01:13]} 3. e3 {[%emt 0:02:18]} e6 {[%emt 0:00:41]} 4. Nc3 {[%emt 0:00:00]} c6 {[%emt 0:01:01]} 5. Bd3 {[%emt 0:01:05]} Be7 {[%emt 0:00:07]} 6. h3 {[%emt 0:03:00]} Nbd7 {[%emt 0:01:38]} 7. Nf3 {[%emt 0:00:00]} O-O {[%emt 0:00:05]} 8. O-O {[%emt 0:00:15]} Nh5 {[%emt 0:03:48]} 9. Bh2 {[%emt 0:00:25]} g6 {[%emt 0:00:00]} 10. e4 {[%emt 0:00:28]} dxe4 {[%emt 0:04:14]} 11. Nxe4 {[%emt 0:01:42]} c5 {[%emt 0:03:40]} 12. Qd2 {[%emt 0:26:40]} cxd4 {[%emt 0:08:18]} 13. Qh6 {[%emt 0:05:12]} f6 {[%emt 0:05:09]} 14. Rad1 {[%emt 0:00:57]} Nc5 {[%emt 0:07:04]} 15. Nxc5 {[%emt 0:00:00]} Bxc5 {[%emt 0:00:00]} 16. c3 {[%emt 0:00:46]} Re8 {[%emt 0:10:26]} 17. Nxd4 {[%emt 0:04:11]} Bf8 {[%emt 0:05:43]} 18. Qe3 {[%emt 0:00:30]} Bc5 {[%emt 0:10:19]} 19. Bc4 {[%emt 0:01:50]} Qe7 {[%emt 0:05:12]} 20. Qf3 {[%emt 0:04:04]} Kh8 {[%emt 0:08:08]} 21. Nb3 {[%emt 0:04:32]} e5 {[%emt 0:00:21]} 22. g4 {[%emt 0:10:31]} e4 {[%emt 0:02:06]} 23. Qe2 {[%emt 0:00:00]} Ng7 {[%emt 0:00:18]} 24. Nxc5 {[%emt 0:00:22]} Qxc5 {[%emt 0:00:00]} 25. Bf7 {[%emt 0:01:12]} Be6 {[%emt 0:01:17]} 26. Bxe8 {[%emt 0:00:00]} Bc4 {[%emt 0:00:20]} 27. Qxe4 {[%emt 0:00:19]} Rxe8 {[%emt 0:03:44]} 28. Qd4 {[%emt 0:00:15]} Qxd4 {[%emt 0:00:20]} 29. Rxd4 {[%emt 0:00:00]} Bxf1 {[%emt 0:00:00]} 30. Kxf1 {[%emt 0:00:00]} Ne6 {[%emt 0:03:46]} 31. Rd7 {[%emt 0:00:00]} Nd8 {[%emt 0:00:21]} 32. Bd6 {[%emt 0:00:03]} f5 {[%emt 0:02:41]} 33. Be7 {[%emt 0:00:00]} Ne6 {[%emt 0:01:02]} 34. Rxb7 {[%emt 0:00:00]} fxg4 {[%emt 0:01:05]} 35. hxg4 {[%emt 0:00:00]} Nd8 {[%emt 0:02:02]} 36. Bf6+ {[%emt 0:00:37]} 1-0